| 000 | 01620cam a22003614a 4500 | ||
|---|---|---|---|
| 001 | 13820820 | ||
| 005 | 20070410081348.0 | ||
| 008 | 041217s2006 paua bf 001 0 eng | ||
| 010 | _a 2004030205 | ||
| 020 | _a1582554145 | ||
| 020 | _a9781582554143 | ||
| 035 | _a(DNLM)101236591 | ||
| 040 |
_aDNLM/DLC _cDLC _dDLC |
||
| 042 | _apcc | ||
| 050 | 0 | 0 |
_aRT48.6 _b.N855 2006 |
| 060 | 1 | 0 |
_aWY 49 _bN97415 2006 |
| 082 | 0 | 0 |
_a616.39920231 _222 _bFLU |
| 245 | 0 | 0 | _aNurse's Quick Check. Fluids & Electrolytes / |
| 246 | _aFluids & Electrolytes | ||
| 260 |
_aAmbler, PA : _bLippincott Williams & Wilkins, 2006 _cc2006. |
||
| 300 |
_avii, 309 p. : _bill. ; _c25 cm. |
||
| 504 | _aIncludes bibliographical references (p. 294-295) and index. | ||
| 650 | 0 |
_aWater-electrolyte imbalances _vHandbooks, manuals, etc _923568 _xNursing |
|
| 650 | 1 | 2 |
_aWater-electrolyte balance (Physiology) _xMethods _vHandbooks, manuals, etc _923569 |
| 650 | 1 | 2 |
_aNursing Care _vHandbooks. _912072 |
| 653 |
_bNUR _cApril2011 |
||
| 710 | 2 |
_aLippincott Williams & Wilkins. _923570 |
|
| 856 | 4 | 1 |
_3Table of contents _uhttp://www.loc.gov/catdir/toc/ecip055/2004030205.html |
| 856 | 4 | 2 |
_3Publisher description _uhttp://www.loc.gov/catdir/enhancements/fy0712/2004030205-d.html |
| 942 |
_2ddc _cNRB |
||
| 999 |
_c15237 _d15237 |
||